Obras esenciales
Сохранить в:
| Главный автор: | |
|---|---|
| Формат: | |
| Язык: | испанский |
| Опубликовано: |
Barcelona
Paidós
1999
|
| Серии: | Colección Paidós Básica, 100
|
| Предметы: | |
| Метки: |
Добавить метку
Нет меток, Требуется 1-ая метка записи!
|
MARC
| LEADER | 00000nam a2200000 a 4500 | ||
|---|---|---|---|
| 001 | UCP5569 | ||
| 003 | CL-VaPUC | ||
| 008 | 990927e19990000SP |||||||||||||||||spa|d | ||
| 020 | |a 8449305861 | ||
| 020 | |a 8449305810v.1 | ||
| 020 | |a 8449306957v.2 | ||
| 020 | |a 8449307112v.3 | ||
| 082 | 0 | 4 | |a 149.96 |b FOU |2 21 |
| 100 | |a Foucault, Michel |e author |9 257945 | ||
| 245 | 1 | 0 | |a Obras esenciales |
| 300 | |a v | ||
| 942 | |c BK | ||
| 945 | |d 19990927 00:00:00 |a rbrito | ||
| 260 | |a Barcelona |b Paidós |c 1999 | ||
| 500 | |a v.1: Entre filosofía y literatura | ||
| 500 | |a v.2: Estrategia de poder | ||
| 500 | |a v.3: Estética, ética y hermenéutica | ||
| 650 | 0 | |a Estructuralismo |9 265696 | |
| 650 | 0 | |a Filosofía del lenguaje |9 257082 | |
| 583 | |a last modification |c 19990927 00:00:00 |k Rodrigo Vera | ||
| 490 | 0 | |a Colección Paidós Básica, 100 | |
| 999 | |c 283301 |d 283299 | ||
| 952 | |0 0 |1 0 |4 0 |6 149_960000000000000_FOU_1999 |7 0 |8 A |9 326263 |a FDOPOS |b FDOPOS |d 2019-11-20 |h v.3 |i 383235K |o 149.96 FOU 1999 |p 383235K |r 2025-01-22 |w 2019-11-20 |y BK |k MLH | ||